Adjustments of the fluvial system : a proceedings volume of the tenth annual Geomorphology symposia series held at Binghamton, New York, September 21-22, 1979 /

Bibliographic Details
Corporate Author: Geomorphology Symposium Binghamton, N.Y.
Other Authors: Rhodes, Dallas D., Williams, Garnett P.
Format: Conference Proceeding Book
Language:English
Published: Dubuque, Iowa : Kendall/Hunt Pub. Co., [1979]
Series:"Binghamton" symposia in geomorphology ; 10th.
Subjects:

MARC

Tag First Indicator Second Indicator Subfields
LEADER 00000cam a2200000 i 4500
001 in00000063224
005 20151008051724.0
008 791115s1979 iaua b 10010 eng
010 |a  79089524  
020 |a 0840321082 
035 |a (OCoLC)05775073 
035 |9 AAG9624AM 
040 |a DLC  |c DLC  |d TXA  |d UtOrBLW 
049 |a TXAM  |c [1652893] 
050 0 0 |a GB1201.2  |b .G46 1979 
082 0 |a 551.4/83 
111 2 |a Geomorphology Symposium  |n (10th :  |d 1979 :  |c Binghamton, N.Y.) 
245 1 0 |a Adjustments of the fluvial system :  |b a proceedings volume of the tenth annual Geomorphology symposia series held at Binghamton, New York, September 21-22, 1979 /  |c Dallas D. Rhodes, Garnett P. Williams, editors. 
264 1 |a Dubuque, Iowa :  |b Kendall/Hunt Pub. Co.,  |c [1979] 
264 4 |c ©1979 
300 |a ix, 372 pages :  |b illustrations ;  |c 28 cm. 
336 |a text  |b txt  |2 rdacontent 
337 |a unmediated  |b n  |2 rdamedia 
338 |a volume  |b nc  |2 rdacarrier 
490 1 |a Geomorphology symposia series ;  |v 10th, 1979 
504 |a Includes bibliographies. 
650 0 |a Rivers  |v Congresses. 
650 0 |a Erosion  |x Congresses. 
650 0 |a Sedimentation and deposition  |v Congresses. 
650 0 |a Geomorphology  |v Congresses. 
700 1 |a Rhodes, Dallas D. 
700 1 |a Williams, Garnett P. 
830 0 |a "Binghamton" symposia in geomorphology ;  |v 10th. 
999 |a MARS 
999 f f |s c5324f58-3a08-3c28-9781-3dcf2ded09a4  |i 4f581315-d3f2-31c4-b377-ad5a113a3656  |t 0 
952 f f |p normal  |a Texas A&M University  |b College Station  |c Sterling C. Evans Library  |d Evans: Library Stacks  |t 0  |e GB1201.2 .G46 1979  |h Library of Congress classification  |i unmediated -- volume  |m A14802398553 
998 f f |a GB1201.2 .G46 1979  |t 0  |l Evans: Library Stacks